De la calle a la esperanza : propuesta educativa.

Gardado en:
Detalles Bibliográficos
Autor Corporativo: Fundación Pro Niños de la Calle, I.A.P
Formato: Libro
Idioma:Lingua castelá
Temas:
Etiquetas: Engadir etiqueta
Sen Etiquetas, Sexa o primeiro en etiquetar este rexistro!

MARC

LEADER 00000nam^a2200000^u^4500
001 000494353
005 20250521000000.0
008 110404s1000^^^^^^^^^^^^r^^^^^000^0^eng^d
009 20260526150846.422
022 |a 9681861124 
035 |a FCE 000037741 
037 |a Acervo ITESO - Biblioteca 
041 |a spa 
082 0 4 |a 362.71  |b FPNCd 
110 |a Fundación Pro Niños de la Calle, I.A.P. 
245 1 0 |a De la calle a la esperanza :  |b propuesta educativa. 
264 |a México :  |b FPNC : QUIERA : THAIS,  |c 2000. 
300 |a 179 p. 
336 |a texto  |b txt  |2 rdacontenido 
337 |a sin mediación  |b n  |2 rdamedio 
338 |a volumen  |b nc  |2 rdasoporte 
649 |a XX 
650 |a Niño de la calle 
650 |a Factores sociales 
650 |a Plan de educación 
650 |a Propuesta educativa 
650 |a México 
910 |a Fondo Centro de Estudios Educativos 
920 |a Impresos - Libros 
930 |a Fondos Especiales 
905 |a 133 
901 |a ALE037788  |b IT2  |c CEE  |u 20250521 
902 |a https://opac.biblio.iteso.mx/vufind/Record/000494353